Wireless networks (Record no. 83145)

MARC details
000 -LEADER
fixed length control field 01359nam a2200217 a 4500
008 - FIXED-LENGTH DATA ELEMENTS--GENERAL INFORMATION
fixed length control field 120918s2003 ||||||||||||||||| || u
020 ## - INTERNATIONAL STANDARD BOOK NUMBER
International Standard Book Number 9812530339
050 ## - LIBRARY OF CONGRESS CALL NUMBER
Classification number TK 5103.2 WIR
100 ## - MAIN ENTRY--PERSONAL NAME
Personal name Nicopolitidis, P
245 10 - TITLE STATEMENT
Title Wireless networks
Statement of responsibility, etc. by P. Nicopolitidis, M.S. Obaidat, G.I. Papadimitriou, and A.S. Pomportsis
260 ## - PUBLICATION, DISTRIBUTION, ETC.
Place of publication, distribution, etc. London
Name of publisher, distributor, etc. John Wiley and Sons
Date of publication, distribution, etc. 2003
300 ## - PHYSICAL DESCRIPTION
Extent xvi, 405p.: ill.
650 ## - SUBJECT ADDED ENTRY--TOPICAL TERM
Topical term or geographic name entry element WIDE AREA NETWORKS (COMPUTER NETWORKS)
650 #0 - SUBJECT ADDED ENTRY--TOPICAL TERM
Topical term or geographic name entry element WIRELESS COMMUNICATION SYSTEMS
650 ## - SUBJECT ADDED ENTRY--TOPICAL TERM
Topical term or geographic name entry element LOCAL AREA NETWORKS (COMPUTER NETWORKS)
995 ## -
-- ANNEX COLLECTION (Main Library)
-- 743403
-- CBU-MAIN LIBRARY (Kitwe)
-- TK 5103.2 WIR
-- 4
-- AVAILABLE
-- Jan 2, 2013
-- 743403
-- Annex Low-Usage Collection
995 ## -
-- MAIN LIBRARY OPEN ACCESS
-- 743402
-- CBU-MAIN LIBRARY (Kitwe)
-- TK 5103.2 WIR
-- 3
-- AVAILABLE
-- Jan 2, 2013
-- 743402
-- Main Library Open Access Collection
995 ## -
-- MAIN LIBRARY OPEN ACCESS
-- 743404
-- CBU-MAIN LIBRARY (Kitwe)
-- TK 5103.2 WIR
-- 5
-- AVAILABLE
-- Jan 2, 2013
-- 743404
-- Main Library Open Access Collection
995 ## -
-- MAIN LIBRARY OPEN ACCESS
-- 743400
-- CBU-MAIN LIBRARY (Kitwe)
-- TK 5103.2 WIR
-- 1
-- AVAILABLE
-- Jan 2, 2013
-- 743400
-- Main Library Open Access Collection
995 ## -
-- MAIN LIBRARY OPEN ACCESS
-- 743401
-- CBU-MAIN LIBRARY (Kitwe)
-- TK 5103.2 WIR
-- 2
-- AVAILABLE
-- Jan 2, 2013
-- 743401
-- Main Library Open Access Collection
999 ## -
-- 83145
-- 83145
Holdings
Withdrawn status Lost status Source of classification or shelving scheme Damaged status Not for loan Permanent Location Current Location Shelving location Date acquired Total Checkouts Full call number Barcode Date last seen Copy number Price effective from Koha item type
          CBU-MAIN LIBRARY, KITWE. CBU-MAIN LIBRARY, KITWE.   10/25/2023   TK 5103.2 WIR 743403 10/25/2023 1 10/25/2023 MONOGRAPH
          CBU-MAIN LIBRARY, KITWE. CBU-MAIN LIBRARY, KITWE.   10/25/2023   TK 5103.2 WIR 743402 10/25/2023 2 10/25/2023 MONOGRAPH
          CBU-MAIN LIBRARY, KITWE. CBU-MAIN LIBRARY, KITWE.   10/25/2023   TK 5103.2 WIR 743404 10/25/2023 3 10/25/2023 MONOGRAPH
          CBU-MAIN LIBRARY, KITWE. CBU-MAIN LIBRARY, KITWE.   10/25/2023   TK 5103.2 WIR 743400 10/25/2023 4 10/25/2023 MONOGRAPH
          CBU-MAIN LIBRARY, KITWE. CBU-MAIN LIBRARY, KITWE.   10/25/2023   TK 5103.2 WIR 743401 10/25/2023 5 10/25/2023 MONOGRAPH